| 000 | 00772nam a22001817a 4500 | ||
|---|---|---|---|
| 999 |
_c372240 _d372240 |
||
| 008 | 201127b ||||| |||| 00| 0 eng d | ||
| 040 |
_aDE-2950 _bger _cDE-2950 _erda |
||
| 041 | _ager | ||
| 245 |
_aAbstimmung über ein kleineres Stadtparlament wir zum Krimi. _bKommunalpolitik. Ein Antrag zur Verkleinerung der Stadtverordnetenversammlung schlug am Donnerstag hohe Wellen - und wurde am Ende abgelehnt / _cThomas Gutke |
||
| 264 | _c2023 | ||
| 653 | _aFrankfurt (Oder) | ||
| 653 | _aStadtverordnetenversammlung | ||
| 773 |
_dFrankfurt (Oder) Märkisches Verlags- und Druckhaus GmbH & Co KG _tMärkische Oderzeitung _g34. Jahrgang (2023) Nr. 42 vom 18./19.02.2023, S.19: mit Foto |
||
| 942 | _cA | ||